Science and Innovation / (Record no. 616583)

MARC details
000 -LEADER
fixed length control field 00632nam a2200181Ia 4500
008 - FIXED-LENGTH DATA ELEMENTS--GENERAL INFORMATION
fixed length control field 260302s9999 xx 000 0 und d
020 ## - INTERNATIONAL STANDARD BOOK NUMBER
ISBN 9781843761099
082 ## - DEWEY DECIMAL CLASSIFICATION NUMBER
Classification number 338.926
Item number GEU
100 ## - MAIN ENTRY--AUTHOR NAME
Personal name Geuna, Aldo
245 #0 - TITLE STATEMENT
Title Science and Innovation /
Statement of responsibility, etc Geuna, Aldo; Salter, Ammon J.; Steinmueller, William Edward
260 ## - PUBLICATION, DISTRIBUTION, ETC. (IMPRINT)
Name of publisher Edward Elgar Publishing,
Year of publication 2003
300 ## - PHYSICAL DESCRIPTION
Number of Pages 456 pages
520 ## - SUMMARY, ETC.
Summary, etc The chapters in this book issue a series of challenges to the next generation of science and technology policy.
650 ## - SUBJECT ADDED ENTRY--TOPICAL TERM
Topical Term Political Science
700 ## - ADDED ENTRY--PERSONAL NAME
Personal name Steinmueller, William Edward
942 ## - ADDED ENTRY ELEMENTS (KOHA)
Koha item type English Books
Holdings
Withdrawn status Lost status Damaged status Not for loan Home library Current library Shelving location Date acquired Full call number Accession Number Price effective from Koha item type
        Anna Centenary Library Anna Centenary Library 4TH FLOOR, A WING 02.03.2026 338.926 GEU 342552 02.03.2026 English Books

Find us on the map